Countries That Don't End in a Vowel (A-Z) Quiz Stats

Quiz Updated Apr 25, 2018

Challenge
Share
Tweet
Embed
Score 0/22 Timer 02:00
7 Plays Today
Letter Countries % Correct
BBahamas...
91.2%
IIceland...
82.5%
SSt Kitts and Nevis...
82%
DDenmark...
81.5%
PPakistan...
79.6%
JJapan...
78.1%
UUzbekistan...
76.6%
NNepal...
74.1%
CCameroon...
73.4%
AAfghanistan...
72.7%
OOman
72.6%
Letter Countries % Correct
FFinland
72.3%
LLaos...
72%
QQatar
72%
YYemen
70.6%
EEcuador...
67.1%
KKazakhstan...
65.6%
TTajikistan...
63.2%
MMadagascar...
57.6%
VVietnam...
56.8%
HHonduras
54.3%
GGabon
40.4%

You're not logged in!

Compare scores with friends on all Sporcle quizzes.
Join for Free
OR
Log In

You Might Also Like...

Show Comments

Extras

Top Quizzes Today


Score Distribution

Your Account Isn't Verified!

In order to create a playlist on Sporcle, you need to verify the email address you used during registration. Go to your Sporcle Settings to finish the process.

Report this User

Report this user for behavior that violates our Community Guidelines.

Details: